000 00268nam a22001337a 4500
008 180227b xxu||||| |||| 00| 0 eng d
020 _a9781560275626
041 _aeng
080 _a62
100 _a27
101 _aIM
245 _aFARFC 06
_cWA
942 _2udc
_cBK
999 _c43625
_d43625